Ensayo historico, teorico o critico El arte colombiano de fin de milenio (Record no. 238)

MARC details
000 -LEADER
campo de control de longitud fija 00517 a2200121 4500
082 ## - NÚMERO DE LA CLASIFICACIÓN DECIMAL DEWEY
Número de clasificación 709.986
Número de ítem G984c
100 ## - ENTRADA PRINCIPAL--NOMBRE DE PERSONA
Nombre de persona Gutierrez, Natalia
9 (RLIN) 1109
245 ## - MENCIÓN DEL TÍTULO
Título Ensayo historico, teorico o critico El arte colombiano de fin de milenio
Resto del título Cruces Una reflexion sobre la critica de arte y la obra de Jose Alejandro Restrepo
260 ## - PUBLICACIÓN, DISTRIBUCIÓN, ETC.
Lugar de publicación, distribución, etc. Bogota
Nombre del editor, distribuidor, etc. Panamericana Formas e Impresos
Fecha de publicación, distribución, etc. 2000
300 ## - DESCRIPCIÓN FÍSICA
Extensión 132 p
Otras características físicas ill (col)
Dimensiones 24 cm
650 ## - PUNTO DE ACCESO ADICIONAL DE MATERIA--TÉRMINO DE MATERIA
Término de materia o nombre geográfico como elemento de entrada ensayo
Subdivisión general arte moderno
-- Restrepo, Jose Alejandro
Subdivisión geográfica Colombia
9 (RLIN) 1110
700 ## - ENTRADA AGREGADA--NOMBRE PERSONAL
Nombre de persona Natalia Gutierrez
9 (RLIN) 1111
Holdings
Estatus retirado Estado de pérdida Fuente del sistema de clasificación o colocación Estado de daño No para préstamo Biblioteca de origen Biblioteca actual Ubicación en estantería Fecha de adquisición Total de préstamos Signatura topográfica completa Código de barras Visto por última vez Precio de reemplazo Tipo de ítem Koha
    Clasificación Decimal Dewey     Biblioteca LadoV Biblioteca LadoV   16/06/2014   709.986 G984c 000240 16/06/2014 16/06/2014 Material 01